000 01054cam a2200325 a 4500
001 23208
003 BD-RjUL
005 20211209000914.0
008 140310r19521912enk 001 0 eng d
020 _a0434990183
035 _a(BD-RjUL)23273
035 _a(OCoLC)3717262
040 _aUMC
_dOCL
_dBD-RjUL
_beng
_cBD-RjUL
041 1 _aeng
_alat
_hlat
082 0 4 _a871
_bPRP 1952
100 1 _aPropertius, Sextus.
_971533
245 1 0 _aPropertius /
_cwith an English translation by H.E. Butler.
260 _aLondon ;
_bHeinemann ;
_aNew York :
_bMacmillan,
_c1912 [reprinted 1952].
300 _axvi, 362 p. ;
_c17 cm.
490 1 _aLoeb classical library ;
_v18
504 _aIncludes bibliographical reference and index.
650 1 _a Elegiac poetry, Latin -- Translations into English.
_971534
830 0 _v18.
_971543
700 1 _aButler, Harold Edgeworth,
_d1878-1951
_971536
830 0 _aLoeb classical library ;
_971544
942 _2ddc
_cBK
999 _c23208
_d23208